Largest Cities In Nevada - Statistics

General Stats
  • This quiz has been taken 31 times
  • The average score is 5 of 6
Answer Stats
Pop Answer % Correct
583,756 Las Vegas
100%
225,221 Reno
93%
55,274 Carson City
73%
257,728 Henderson
73%
216,961 North Las Vegas
67%
90,264 Sparks
43%
No matching quizzes found
Score Distribution
Percent of People with Each Score
Percentile by Number Answered
Your Score History
You have not taken this quiz